000 00418nam a2200181Ia 4500
008 230725s1988 xx 000 0 und d
041 _aeng
082 _a615
_bGAR
100 _aGARRACIGHY
245 _aPHARMACY EXAMINATION REVIEW
260 _aDELHI
_bC.B.S. PUBLISHERS & DISTRUTORS
_c1988
300 _a278
365 _h15
500 _aREFERENCE
501 _aREF
520 _aPB
650 _aREFERENCE
999 _c767137
_d767137